00892nam a2200277 a 450000100060000000300090000600800410001502000180005604000280007404100080010210000210011024500660013125000110019726000320020830000110024050000450025165000200029665000430031665000390035965000460039865000330044465000290047765000370050665100540054370000170059725857CO-ViMGA141112s2004 ck r 000 u spa d a9789588699325 aCO-ViMGAbspacCO-ViMGA aSPA1 aMo, Yan, 1955 - 10aLa república del vino / cMo Yan ; traducción Cora Tiedra a1a ed. aBogotá : bKailas, c2013 a451 p. aTítulo original : The republic of wine14aAUTORES CHINOS 14aHABITOS ALIMENTICIOS - CHINA - NOVELA 14aInvestigación CRIMINAL - NOVELA 14aINVESTIGADORES PRIVADOS - CHINA - NOVELA 14aLITERATURA CHINA - SIGLO XX 14aNOVELA CHINA - SIGLO XX 14aPREMIO NOBEL DE LITERATURA, 2012 aCHINA - Política Y GOBIERNO - SIGLO XX - NOVELA1 aTiedra, Cora